000 00519nam a2200181Ia 4500
999 _c37219
_d37219
003 OSt
005 20200811145345.0
008 190216s9999||||xx |||||||||||||| ||und||
020 _a9788121904315
040 _coclc
082 _a519.5
_bPIL/S
100 _aPillai, R S N
_91189
245 0 _aStatistics Theory And Practice /
_cR S N Pillai ; V Bagavathi
250 _a4th Ed.
260 _bS Chand & Co,
_c1999.
_aNew Delhi:
300 _a856p
942 _cBK
_2ddc
_h519.5
_iPIL/S
_k519.5
_mPIL/S